Highest Test cricket England Run Scorers - Statistics

General Stats
  • This quiz has been taken 642 times
  • The average score is 9 of 15
Answer Stats
Hint Answer % Correct
1 8900 Graham Gooch
86%
3 8423 Alistair Cook
78%
4 8231 David Gower
77%
5 8181 Kevin Pietersen
76%
11 7037 Andrew Strauss
70%
2 8463 Alec Stewart
68%
6 8114 Geoffrey Boycott
66%
10 7156 Ian Bell
66%
7 7728 Michael Atherton
65%
15 5825 Marcus Trescothick
44%
8 7624 Colin Cowdrey
40%
12 6971 Len Hutton
39%
9 7249 Wally Hammond
39%
14 6744 Graham Thorpe
38%
13 6806 Ken Barrington
26%
No matching quizzes found
Score Distribution
Percent of People with Each Score
Percentile by Number Answered
Your Score History
You have not taken this quiz